Haribo Sweets - Statistics

General Stats
  • This quiz has been taken 143 times
  • The average score is 12 of 70
Answer Stats
% Correct
Packs Cola Bottles
74%
Available in Fizzy Fizzy Cola Bottles
74%
Available in Giant Giant Cola Bottles
74%
Mix Star Mix
62%
Packs Gold Bears
60%
Mix Tangfastics
51%
Singular Blue Hearts
47%
Packs Happy Cherries
46%
Singular Bear Buddies
43%
Singular Friendship rings
39%
Singular Fried Eggs
37%
Mix Super Mix
36%
Available in Giant Giant Strawbs
32%
Maoam Pinballs
31%
Packs Strawbs
30%
Packs Crazy Pythons
26%
Packs Jelly Babies
24%
Singular Fruity Frogs
23%
Maoam Stripes
23%
Mix Fruitilicious
22%
Available in Giant Giant Peaches
17%
Singular Heart Throbs
17%
Singular Peaches
17%
Singular Crocodiles
16%
Packs Maoam
15%
Available in Fizzy Smurfs
15%
Mix Smurfs
15%
Packs Raspberries
14%
Maoam Mini
13%
Maoam Bloxx
12%
Singular Freaky Fish
12%
Packs Jelly Beans
12%
Available in Fizzy Fizzy Balla Stix
11%
Packs Balla Stix
10%
Mix Horror
10%
Available in Fizzy Minions
10%
Mix Minions
10%
Packs Chamallows
9%
Singular Terrific Turtles
9%
Singular Apples
8%
Available in Giant Giant Apples
8%
Packs Liquorice
8%
Maoam Joystixx
6%
Packs Wine Gums
6%
Mix Fantasy
5%
Singular Letters And Numbers
5%
Packs Pontefract Cakes
5%
Packs Rainbow Spaghetti
5%
Packs Rainbow Stripes
5%
Packs Rainbow Twists
5%
Packs Bubblegum Bottles
4%
Available in Fizzy Fizzy Bubblegum Bottles
4%
Mix Football
4%
Mix Funny
4%
Available in Giant Giant Bubblegum Bottles
4%
Available in Giant Giant Fizzy Cola Bottles
4%
Packs Jelly Men
4%
Packs Yellow Bellies
4%
Mix Fairyland
3%
Packs Strawberry Softies
3%
Singular Grapefruit Slices
2%
Maoam Rox
2%
Packs Rhubarb and custard
1%
Packs Rotella
1%
Singular Star Fish
1%
Maoam Giant Stripes
0%
Packs Sour Suckers
0%
Mix Spring Time
0%
Packs Strawberry Twist
0%
Mix Tropifruitti
0%
No matching quizzes found
Score Distribution
Percent of People with Each Score
Percentile by Number Answered
Your Score History
You have not taken this quiz